Industrial stoichiometry; (Record no. 15999)
[ view plain ]
| 000 -LEADER | |
|---|---|
| fixed length control field | 00952cam a22002771 4500 |
| 001 - CONTROL NUMBER | |
| control field | 15999 |
| 003 - CONTROL NUMBER IDENTIFIER | |
| rucl marc code | BD-RjUL |
| 005 - DATE AND TIME OF LATEST TRANSACTION | |
| control field | 20211208235929.0 |
| 008 - FIXED-LENGTH DATA ELEMENTS--GENERAL INFORMATION | |
| fixed length control field | 140211s1954 nyua b 000 0 eng |
| 035 ## - SYSTEM CONTROL NUMBER | |
| System control number | (BD-RjUL)16054 |
| 040 ## - CATALOGING SOURCE | |
| Original cataloging agency | DLC |
| Transcribing agency | BD-RjUL |
| Modifying agency | BD-RjUL |
| -- | DLC |
| Language of cataloging | eng |
| 041 ## - LANGUAGE CODE | |
| Language code of text/sound track or separate title | eng |
| 082 ## - DEWEY DECIMAL CLASSIFICATION NUMBER | |
| Classification number | 660.76 |
| Author mark and year | LEI 1954 |
| 100 1# - MAIN ENTRY--PERSONAL NAME | |
| Personal name | Lewis, Warren Kendall, |
| Dates associated with a name | 1882- |
| 9 (RLIN) | 49554 |
| 245 10 - TITLE STATEMENT | |
| Title | Industrial stoichiometry; |
| Remainder of title | chemical calculations of manufacturing processes |
| Statement of responsibility, etc. | [by] Warren K. Lewis, Arthur H. Radasch [and] H. Clay Lewis. |
| 250 ## - EDITION STATEMENT | |
| Edition statement | 2d ed. |
| 260 ## - PUBLICATION, DISTRIBUTION, ETC. (IMPRINT) | |
| Place of publication, distribution, etc. | New York, |
| Name of publisher, distributor, etc. | McGraw-Hill, |
| Date of publication, distribution, etc. | 1954. |
| 300 ## - PHYSICAL DESCRIPTION | |
| Pagination | 429 p. |
| Illustrations | illus. |
| Size | 24 cm. |
| 650 #0 - SUBJECT ADDED ENTRY--TOPICAL TERM | |
| Topical term or geographic name as entry element | Chemistry |
| General subdivision | Problems, exercises, etc. |
| 9 (RLIN) | 49556 |
| 700 1# - ADDED ENTRY--PERSONAL NAME | |
| Personal name | Radasch, Arthur Hitchcock, |
| Dates associated with a name | 1898- |
| Personal name | Lewis, H. Clay |
| Fuller form of name | (Herbert Clay), |
| Dates associated with a name | 1913- |
| 942 ## - ADDED ENTRY ELEMENTS (KOHA) | |
| Source of classification or shelving scheme | Dewey Decimal Classification |
| Koha item type | Books |
| Lost status | Source of classification or shelving scheme | Damaged status | Not for loan | Collection code | Permanent Location | Current Location | Shelving location | Date acquired | Source of acquisition | Cost, normal purchase price | Total Checkouts | Full call number | Date last seen | Copy number | Koha item type |
|---|---|---|---|---|---|---|---|---|---|---|---|---|---|---|---|
| Dewey Decimal Classification | Non-fiction | Central Library, University of Rajshahi | Central Library, University of Rajshahi | 16/04/1968 | Zeitlinger | 47.00 | 660.76 LEI 1954 | 11/02/2014 | C-6 | Books | |||||
| Dewey Decimal Classification | Non-fiction | Central Library, University of Rajshahi | Central Library, University of Rajshahi | 28/01/1967 | MIrza book agency | 16.80 | 660.76 LEI 1954 | 09/11/2016 | C-2 | Books | |||||
| Dewey Decimal Classification | Non-fiction | Central Library, University of Rajshahi | Central Library, University of Rajshahi | 16/04/1968 | zeitlinger | 47.00 | 660.76 LEI 1954 | 30/10/2019 | C-5 | Books | |||||
| Dewey Decimal Classification | Not For Loan | Non-fiction | Central Library, University of Rajshahi | Central Library, University of Rajshahi | Reading Room | 28/01/1967 | Mirza book Agency | 16.80 | 660.76 LEI 1954 | 30/10/2019 | C-1 | Books |